[Event "Aberto Brasil - II Niterói Chess Open "]
[Site "Salão de Convenções do Hot"]
[Date "2022.09.02"]
[Round "2.75"]
[White "Campagnolo, Bruna"]
[Black "De Souza, Roberto Fabelino"]
[Result "0-1"]
[WhiteElo "1393"]
[BlackElo "1742"]
[PlyCount "96"]
[EventDate "2022.09.01"]
[EventRounds "9"]
[EventCountry "BRA"]

1. e4 c6 2. d4 d5 3. exd5 cxd5 4. Bd3 Nc6 5. c3 Nf6 6. Nf3 Bg4 7. Nbd2 e6 8.
O-O Bd6 9. Re1 O-O 10. Qc2 Rc8 11. Qb3 Qc7 12. h3 Bh5 13. Be2 Na5 14. Qd1 Bg6
15. Nh4 Be4 16. Nxe4 Nxe4 17. Bd3 Bh2+ 18. Kf1 Nxf2 19. Qc2 Nxd3 20. Qxd3 Bg3
21. Nf3 Bxe1 22. Kxe1 Qg3+ 23. Kf1 Nc4 24. Kg1 Nd6 25. Bg5 Ne4 26. Bh4 Qg6 27.
Rf1 Nf6 28. Qd2 Ne4 29. Qd3 f6 30. Re1 Rce8 31. Qb5 Nd6 32. Qd7 Ne4 33. Qxb7
Rb8 34. Qa6 Rxb2 35. Re2 Rxe2 36. Qxe2 Qf5 37. Qb2 Qf4 38. Be1 Rb8 39. Qa3 Qc7
40. Qa4 Kf7 41. Qc2 Rb7 42. Nd2 Qxc3 43. Qd1 Qxd4+ 44. Kh2 Nxd2 45. Bxd2 Rb2
46. Qh5+ Ke7 47. Be1 Qe5+ 48. Qxe5 fxe5 0-1

[Event "Aberto Brasil - II Niterói Chess Open "]
[Site "Salão de Convenções do Hot"]
[Date "2022.09.02"]
[Round "2.76"]
[White "Melo, Igor De Souza"]
[Black "Babinski, Yuri Brasil"]
[Result "1-0"]
[WhiteElo "1741"]
[BlackElo "1800"]
[PlyCount "75"]
[EventDate "2022.09.01"]
[EventRounds "9"]
[EventCountry "BRA"]

1. e4 e6 2. d4 d5 3. Nd2 c5 4. exd5 exd5 5. Ngf3 Nc6 6. dxc5 Bxc5 7. Nb3 Be7 8.
Be2 Nf6 9. O-O O-O 10. c3 b6 11. Bb5 Bb7 12. Re1 Bd6 13. Bg5 Be7 14. Bxc6 Bxc6
15. Nbd4 Bb7 16. Nf5 Re8 17. Nxe7+ Rxe7 18. Rxe7 Qxe7 19. Qd4 Re8 20. Bxf6 Qxf6
21. Qxf6 gxf6 22. Nd4 Bc8 23. f3 Kg7 24. Kf2 a5 25. Rd1 Ba6 26. Rd2 Kg6 27. f4
h5 28. g3 h4 29. g4 Re4 30. f5+ Kg5 31. h3 Kf4 32. Nf3 Re3 33. Rd4+ Re4 34.
Nxh4 Rxd4 35. cxd4 Ke4 36. Nf3 a4 37. h4 Kf4 38. h5 1-0

[Event "Aberto Brasil - II Niterói Chess Open "]
[Site "Salão de Convenções do Hot"]
[Date "2022.09.02"]
[Round "2.77"]
[White "Pavao, Alice Lara Biasi"]
[Black "Da Rocha, Joao Batista Jose"]
[Result "1-0"]
[WhiteElo "1366"]
[BlackElo "1734"]
[PlyCount "119"]
[EventDate "2022.09.01"]
[EventRounds "9"]
[EventCountry "BRA"]

1. c4 e6 2. g3 d5 3. Bg2 Nf6 4. Nf3 Be7 5. O-O O-O 6. b3 b6 7. d4 Bb7 8. Bb2
Nbd7 9. Nc3 c5 10. e3 a6 11. Re1 Rc8 12. Nd2 Qc7 13. Qe2 Rfe8 14. Rac1 Qd8 15.
cxd5 exd5 16. Qd1 b5 17. dxc5 Nxc5 18. Nf3 b4 19. Ne2 Nce4 20. Rxc8 Qxc8 21.
Qc1 Qb8 22. Be5 Bd6 23. Bxd6 Qxd6 24. Qb2 Nc5 25. Rd1 Nce4 26. Nfd4 Qd7 27. Nc2
a5 28. a3 Qb5 29. Ncd4 Qb6 30. Rc1 Ba6 31. axb4 axb4 32. Qa2 h6 33. Rc6 Qb7 34.
Qxa6 Qd7 35. Rc2 Re5 36. Qc8+ Kh7 37. Bxe4+ dxe4 38. Qxd7 Nxd7 39. Rc4 Nc5 40.
Rxb4 Nd3 41. Rb5 Re8 42. Rb7 Kg8 43. Nf4 g5 44. Nd5 Ra8 45. Nc2 Ra5 46. Ndb4
Nc1 47. Nc6 Rc5 48. N2d4 Nd3 49. Ne7+ Kh7 50. Nef5 Rc1+ 51. Kg2 g4 52. Rxf7+
Kh8 53. Rf8+ Kh7 54. Rf7+ Kh8 55. Nc2 Rxc2 56. Nxh6 Ne1+ 57. Kf1 Nf3 58. Nxg4
Nd2+ 59. Kg2 Nxb3 60. Nf6 1-0

[Event "Aberto Brasil - II Niterói Chess Open "]
[Site "Salão de Convenções do Hot"]
[Date "2022.09.02"]
[Round "2.78"]
[White "Carrillo Marval, Maria Angelica"]
[Black "Fonseca, Marcelo Lobo"]
[Result "1-0"]
[WhiteElo "1734"]
[BlackElo "1800"]
[PlyCount "71"]
[EventDate "2022.09.01"]
[EventRounds "9"]
[EventCountry "BRA"]

1. e4 e5 2. Nf3 Nf6 3. Nxe5 d6 4. Nf3 Nxe4 5. Nc3 Nxc3 6. dxc3 Be6 7. Be3 Be7
8. Qd2 h6 9. Nd4 Bd7 10. Bd3 Nc6 11. Nf5 Bf6 12. f4 Be6 13. Nd4 Nxd4 14. Bxd4
O-O 15. O-O-O c5 16. Bxf6 Qxf6 17. Rdg1 c4 18. Be2 Bd7 19. Bxc4 Bc6 20. Rf1 d5
21. Bd3 Rad8 22. Rhg1 d4 23. c4 a6 24. g4 Qh4 25. g5 h5 26. f5 Rfe8 27. Rf4 Qh3
28. Rg3 Re1+ 29. Qxe1 Qxh2 30. Qg1 Qxg1+ 31. Rxg1 Re8 32. Kd2 Re3 33. Rxd4 Rh3
34. Rd8+ Kh7 35. g6+ fxg6 36. fxg6+ 1-0

[Event "Aberto Brasil - II Niterói Chess Open "]
[Site "Salão de Convenções do Hot"]
[Date "2022.09.02"]
[Round "2.79"]
[White "Vaz, Vania Dora Madona"]
[Black "Hubner, Jessica Trindade"]
[Result "0-1"]
[WhiteElo "1240"]
[BlackElo "1727"]
[PlyCount "94"]
[EventDate "2022.09.01"]
[EventRounds "9"]
[EventCountry "BRA"]

1. e4 c5 2. c3 d5 3. exd5 Qxd5 4. d4 cxd4 5. cxd4 Nc6 6. Nf3 Bg4 7. Nc3 Qa5 8.
Be2 O-O-O 9. Be3 f6 10. O-O Kb8 11. Qc2 Bxf3 12. Bxf3 Nxd4 13. Bxd4 Rxd4 14.
Rfd1 e5 15. Rxd4 exd4 16. Qe4 Qc7 17. Nd5 Qd7 18. Rc1 f5 19. Qxd4 Bd6 20. Bd1
Nf6 21. g3 Bxg3 22. hxg3 Qxd5 23. Qf4+ Ka8 24. Bf3 Ne4 25. Rd1 Qe6 26. Qc7 Qf6
27. Rd7 Rb8 28. b3 g5 29. Rf7 Qa1+ 30. Kg2 Qe1 31. Qc2 g4 32. Bxe4 fxe4 33. Re7
Rf8 34. Rxe4 Rxf2+ 35. Qxf2 Qxe4+ 36. Kg1 b6 37. Qf8+ Kb7 38. Qf7+ Ka6 39. Qf1+
Ka5 40. Qf7 a6 41. Qf4 Qb1+ 42. Qf1 Qxa2 43. Qf2 Qxf2+ 44. Kxf2 Kb4 45. Ke3
Kxb3 46. Kf4 a5 47. Kxg4 a4 0-1

[Event "Aberto Brasil - II Niterói Chess Open "]
[Site "Salão de Convenções do Hot"]
[Date "2022.09.02"]
[Round "2.80"]
[White "Simas, Breno Matos"]
[Black "Orofino, Gabriel"]
[Result "1-0"]
[WhiteElo "1715"]
[BlackElo "1800"]
[PlyCount "113"]
[EventDate "2022.09.01"]
[EventRounds "9"]
[EventCountry "BRA"]

1. d4 d5 2. c4 c6 3. Nf3 Nf6 4. g3 Bf5 5. Qb3 Qb6 6. Qxb6 axb6 7. Nbd2 e6 8.
Bg2 Bd6 9. O-O O-O 10. Ne5 c5 11. Ndf3 Nbd7 12. Bf4 Bxe5 13. Nxe5 Nxe5 14. dxe5
Nh5 15. cxd5 Nxf4 16. gxf4 exd5 17. Bxd5 Rad8 18. e4 Be6 19. Rfd1 Bg4 20. Rd3
Ra8 21. f5 Rfe8 22. e6 fxe6 23. Bxe6+ Rxe6 24. fxe6 Bxe6 25. a3 Ra4 26. f3 g5
27. Rad1 Kf7 28. Kf2 g4 29. Rd6 gxf3 30. Kxf3 h5 31. R1d2 Kf6 32. Kf4 Rc4 33.
Rxb6 Rc1 34. Rdd6 Rf1+ 35. Ke3 Re1+ 36. Kf3 Ke5 37. Rxe6+ Kd4 38. Red6+ Kc4 39.
Rd2 Rc1 40. Rbd6 b5 41. e5 h4 42. e6 Rf1+ 43. Ke3 Rf5 44. b3+ Kxb3 45. R2d5 Rf1
46. Rxc5 h3 47. Rxb5+ Kc4 48. a4 Re1+ 49. Kf2 Re4 50. Rc6+ Kd3 51. Rd5+ Rd4 52.
Rxd4+ Kxd4 53. e7 Ke5 54. e8=Q+ Kf5 55. Qe6+ Kg5 56. Rc5+ Kf4 57. Qc4# 1-0

[Event "Aberto Brasil - II Niterói Chess Open "]
[Site "Salão de Convenções do Hot"]
[Date "2022.09.02"]
[Round "2.81"]
[White "Pavao, Fabio Biasi"]
[Black "Veiga da Silva, Paulo Roberto Costa"]
[Result "0-1"]
[WhiteElo "1703"]
[BlackElo "1800"]
[PlyCount "96"]
[EventDate "2022.09.01"]
[EventRounds "9"]
[EventCountry "BRA"]

1. c4 e6 2. g3 d5 3. Nf3 Nf6 4. Bg2 d4 5. b4 Bxb4 6. Qa4+ Nc6 7. Ne5 Rb8 8.
Nxc6 bxc6 9. Bxc6+ Bd7 10. Na3 Bxc6 11. Qxc6+ Qd7 12. Qxd7+ Kxd7 13. O-O Bxa3
14. Bxa3 Rb7 15. Rab1 Rhb8 16. Rxb7 Rxb7 17. d3 Kc6 18. e3 dxe3 19. fxe3 Rb6
20. Bf8 Ra6 21. Bxg7 Ne8 22. Be5 f6 23. Bxf6 Nxf6 24. Rxf6 Rxa2 25. Rxe6+ Kb7
26. Re5 a5 27. Rb5+ Ka6 28. e4 a4 29. e5 a3 30. Rb8 Ka5 31. Kf1 Ra1+ 32. Ke2 a2
33. Ra8+ Kb6 34. Kd2 Rf1 35. e6 a1=Q 36. Rxa1 Rxa1 37. d4 Kc6 38. Kd3 Kd6 39.
d5 c6 40. Ke4 cxd5+ 41. cxd5 Ra4+ 42. Kf5 Kxd5 43. Kf6 Ra6 44. Kg7 Rxe6 45.
Kxh7 Ke5 46. h4 Kf5 47. Kg7 Rg6+ 48. Kh7 Rxg3 0-1

[Event "Aberto Brasil - II Niterói Chess Open "]
[Site "Salão de Convenções do Hot"]
[Date "2022.09.02"]
[Round "2.82"]
[White "Stival Da Silva, Javier Rodrigo"]
[Black "Rabello, Gabriel Urubatan Fr"]
[Result "0-1"]
[WhiteElo "1807"]
[BlackElo "1703"]
[PlyCount "124"]
[EventDate "2022.09.01"]
[EventRounds "9"]
[EventCountry "BRA"]

1. e4 c5 2. Nf3 d6 3. d4 cxd4 4. Nxd4 Nf6 5. Nc3 a6 6. f3 e6 7. Be3 Nc6 8. Nxc6
bxc6 9. e5 Nd5 10. Nxd5 cxd5 11. f4 dxe5 12. fxe5 Qh4+ 13. Bf2 Qb4+ 14. c3 Qxb2
15. Bd4 Rb8 16. Bd3 Bc5 17. Rb1 Qxg2 18. Rg1 Rxb1 19. Bxb1 Qb2 20. Rxg7 Bxd4
21. cxd4 Qxh2 22. Qf3 Rf8 23. Qc3 Qh4+ 24. Ke2 Qh2+ 25. Kd1 Bd7 26. Qb4 Qh1+
27. Kc2 Bb5 28. Kb2 Qd1 29. Bc2 Qe2 30. a4 Qc4 31. Qxc4 Bxc4 32. Bxh7 Rh8 33.
Rg8+ Rxg8 34. Bxg8 a5 35. Kc3 Ke7 36. Bh7 Be2 37. Bc2 f5 38. exf6+ Kxf6 39. Kd2
Bc4 40. Ke3 e5 41. dxe5+ Kxe5 42. Bg6 Bb3 43. Be8 Bc4 44. Bd7 d4+ 45. Kd2 Kd5
46. Be8 Kc5 47. Bg6 Kb4 48. Be8 Bb3 49. Kd3 Bxa4 50. Bf7 Kc5 51. Ba2 Bb5+ 52.
Kd2 Kb4 53. Bd5 Bc4 54. Be4 a4 55. Kc2 Bb3+ 56. Kb2 a3+ 57. Ka1 Kc3 58. Bb1 Bc2
59. Ba2 d3 60. Bb3 d2 61. Bxc2 Kxc2 62. Ka2 d1=R 0-1

[Event "Aberto Brasil - II Niterói Chess Open "]
[Site "Salão de Convenções do Hot"]
[Date "2022.09.02"]
[Round "2.83"]
[White "Pereira, Arthur Macedo"]
[Black "Souza, Dion Avalone"]
[Result "1/2-1/2"]
[WhiteElo "1703"]
[BlackElo "1750"]
[PlyCount "69"]
[EventDate "2022.09.01"]
[EventRounds "9"]
[EventCountry "BRA"]

1. c4 d6 2. Nc3 e5 3. Nf3 Nc6 4. g3 g6 5. Bg2 Bg7 6. O-O Nf6 7. d3 O-O 8. Rb1
Be6 9. Ng5 Re8 10. Nxe6 Rxe6 11. b4 Qd7 12. Bh3 Nd4 13. Bxe6 Qxe6 14. Kg2 h5
15. e3 Nf5 16. Bb2 h4 17. Rg1 Bh6 18. g4 Ne7 19. Kf1 d5 20. Qf3 e4 21. cxd5
Nexd5 22. Nxe4 Nxe4 23. dxe4 Nxb4 24. g5 Qxa2 25. Kg2 Bxg5 26. Bf6 Bxf6 27.
Qxf6 Nc2 28. Rb2 Qc4 29. Qxh4 a5 30. Rxb7 a4 31. Qf4 a3 32. Rxc7 Qb3 33. Rb1
Qa2 34. Rbb7 Rf8 35. Qh6 1/2-1/2

[Event "Aberto Brasil - II Niterói Chess Open "]
[Site "Salão de Convenções do Hot"]
[Date "2022.09.02"]
[Round "2.86"]
[White "Vargas, Victor Da Silva"]
[Black "Silverio, Vitor Luis De Jesus"]
[Result "0-1"]
[WhiteElo "1776"]
[BlackElo "1689"]
[PlyCount "77"]
[EventDate "2022.09.01"]
[EventRounds "9"]
[EventCountry "BRA"]

1. c4 Nf6 2. g3 e6 3. Bg2 d5 4. cxd5 exd5 5. Nf3 Bd6 6. O-O O-O 7. Nc3 c6 8. d3
Re8 9. Be3 Bg4 10. h3 Bh5 11. Qc2 Nbd7 12. d4 Bg6 13. Qb3 Qb6 14. Rfc1 Ne4 15.
Na4 Qa6 16. Nd2 Nxd2 17. Bxd2 Qxe2 18. Be3 Qa6 19. Nc5 Nxc5 20. dxc5 Be5 21. a4
Rab8 22. a5 Qd3 23. Qxd3 Bxd3 24. Rd1 Bb5 25. Rab1 Bc7 26. b4 b6 27. axb6 axb6
28. Rd4 f6 29. Rg4 Kf7 30. h4 Be5 31. f4 f5 32. Rg5 Bf6 33. Rxf5 Rxe3 34. g4 g6
35. Rxf6+ Kxf6 36. Kf2 Re2+ 37. Kf3 bxc5 38. g5+ Kf7 39. bxc5 0-1

[Event "Aberto Brasil - II Niterói Chess Open "]
[Site "Salão de Convenções do Hot"]
[Date "2022.09.02"]
[Round "2.90"]
[White "De Abreu, Luiza Reis Rodrigue"]
[Black "Vaz, Osvaldo Jose"]
[Result "0-1"]
[WhiteElo "1742"]
[BlackElo "1645"]
[PlyCount "80"]
[EventDate "2022.09.01"]
[EventRounds "9"]
[EventCountry "BRA"]

1. c4 e6 2. Nf3 d5 3. d4 Nf6 4. g3 Be7 5. Bg2 O-O 6. O-O Nbd7 7. c5 c6 8. a4 a5
9. Nc3 Re8 10. Re1 Nf8 11. Ne5 N6d7 12. f4 Qc7 13. e4 Nf6 14. Qc2 b6 15. Be3
Bb7 16. Rab1 Rad8 17. exd5 exd5 18. Bf2 bxc5 19. Red1 cxd4 20. Bxd4 c5 21. Nb5
Qb6 22. Bf2 Ne4 23. Bxe4 dxe4 24. Qc4 Ne6 25. b3 Rf8 26. Rd7 Rxd7 27. Nxd7 Qc6
28. Ne5 Qd5 29. Qxd5 Bxd5 30. Nc3 Bb7 31. Rd1 Rd8 32. Rd7 Rxd7 33. Nxd7 f5 34.
Ne5 Nd4 35. Bxd4 cxd4 36. Nb5 d3 37. Nc4 Bc5+ 38. Kf1 e3 39. Nxe3 Bxe3 40. Nc3
Bf3 0-1

[Event "Aberto Brasil - II Niterói Chess Open "]
[Site "Salão de Convenções do Hot"]
[Date "2022.09.02"]
[Round "3.1"]
[White "Fier, Alexandr"]
[Black "Silva, Kaua Marques"]
[Result "1-0"]
[WhiteElo "2583"]
[BlackElo "2199"]
[PlyCount "67"]
[EventDate "2022.09.01"]
[EventRounds "9"]
[EventCountry "BRA"]

1. d4 {[%emt 0:00:02]} Nf6 {[%emt 0:11:09]} 2. c4 {[%emt 0:00:05]} e6 {[%emt 0:
00:25]} 3. Nf3 {[%emt 0:00:05]} b6 {[%emt 0:01:50]} 4. a3 {[%emt 0:00:04]} Bb7
{[%emt 0:00:35]} 5. Nc3 {[%emt 0:00:04]} d5 {[%emt 0:00:16]} 6. cxd5 {[%emt 0:
00:04]} Nxd5 {[%emt 0:00:14]} 7. e3 {[%emt 0:00:07]} Be7 {[%emt 0:04:28]} 8.
Bb5+ {[%emt 0:00:06]} c6 {[%emt 0:00:04]} 9. Bd3 {[%emt 0:00:30]} O-O {[%emt 0:
03:29]} 10. Qc2 {[%emt 0:00:04]} h6 {[%emt 0:02:23]} 11. e4 {[%emt 0:00:05]}
Nxc3 {[%emt 0:00:03]} 12. bxc3 {[%emt 0:00:04]} c5 {[%emt 0:01:42]} 13. O-O {
[%emt 0:00:29]} Qc7 {[%emt 0:03:18]} 14. Qe2 {[%emt 0:00:05]} Nd7 {[%emt 0:01:
57]} 15. Bb2 {[%emt 0:00:40]} Rac8 {[%emt 0:04:46]} 16. Rad1 {[%emt 0:00:04]}
Rfe8 {[%emt 0:05:29]} 17. Nd2 {[%emt 0:02:25]} e5 {[%emt 0:05:50]} 18. d5 {
[%emt 0:00:18]} Nf8 {[%emt 0:05:28]} 19. Nc4 {[%emt 0:00:36]} Bg5 {[%emt 0:04:
52]} 20. a4 {[%emt 0:03:28]} Rcd8 {[%emt 0:04:38]} 21. g3 {[%emt 0:01:05]} Ng6
{[%emt 0:06:48]} 22. Ne3 {[%emt 0:03:48]} Bxe3 {[%emt 0:00:59]} 23. Qxe3 {
[%emt 0:00:22]} c4 {[%emt 0:00:52]} 24. Be2 {[%emt 0:01:41]} Nf8 {[%emt 0:02:
53]} 25. Ba3 {[%emt 0:00:39]} Nd7 {[%emt 0:00:59]} 26. Rb1 {[%emt 0:00:05]} a5
{[%emt 0:01:18]} 27. Rb2 {[%emt 0:00:35]} Rb8 {[%emt 0:01:39]} 28. Rfb1 {
[%emt 0:00:15]} f5 {[%emt 0:01:02]} 29. Bh5 {[%emt 0:03:47]} Rec8 {[%emt 0:04:
15]} 30. Bg6 {[%emt 0:00:38]} fxe4 {[%emt 0:01:40]} 31. Bf5 {[%emt 0:00:34]}
Bxd5 {[%emt 0:01:19]} 32. Rd2 {[%emt 0:00:05]} Qc6 {[%emt 0:07:11]} 33. Bxd7 {
[%emt 0:00:24]} Qxd7 {[%emt 0:00:03]} 34. Rb5 {[%emt 0:00:12]} 1-0

[Event "Aberto Brasil - II Niterói Chess Open "]
[Site "Salão de Convenções do Hot"]
[Date "2022.09.02"]
[Round "3.2"]
[White "Caldeira, Adriano"]
[Black "Delgado Ramirez, Neuris"]
[Result "0-1"]
[WhiteElo "2192"]
[BlackElo "2559"]
[PlyCount "50"]
[EventDate "2022.09.01"]
[EventRounds "9"]
[EventCountry "BRA"]

1. e4 {[%emt 0:04:29]} c5 {[%emt 0:03:03]} 2. Nf3 {[%emt 0:00:06]} Nc6 {
[%emt 0:00:04]} 3. d4 {[%emt 0:00:10]} cxd4 {[%emt 0:00:05]} 4. Nxd4 {[%emt 0:
00:07]} e5 {[%emt 0:00:04]} 5. Nb5 {[%emt 0:00:12]} d6 {[%emt 0:00:05]} 6. c4 {
[%emt 0:00:13]} Be7 {[%emt 0:00:06]} 7. N1c3 {[%emt 0:00:26]} a6 {[%emt 0:00:
07]} 8. Na3 {[%emt 0:00:05]} f5 {[%emt 0:00:06]} 9. Nc2 {[%emt 0:01:24]} Nf6 {
[%emt 0:01:44]} 10. Bd3 {[%emt 0:02:46]} f4 {[%emt 0:00:46]} 11. Nd5 {[%emt 0:
02:28]} O-O {[%emt 0:00:19]} 12. Bd2 {[%emt 0:03:11]} Be6 {[%emt 0:00:27]} 13.
Bc3 {[%emt 0:02:06]} Rc8 {[%emt 0:01:26]} 14. a4 {[%emt 0:03:51]} Qe8 {[%emt 0:
02:45]} 15. Qe2 {[%emt 0:01:41]} Bd8 {[%emt 0:00:38]} 16. a5 {[%emt 0:03:23]}
Ne7 {[%emt 0:06:58]} 17. Ra3 {[%emt 0:06:31]} Ng6 {[%emt 0:02:27]} 18. f3 {
[%emt 0:01:06]} Nh4 {[%emt 0:01:15]} 19. Rb3 {[%emt 0:05:47]} Qg6 {[%emt 0:00:
46]} 20. O-O {[%emt 0:00:57]} Rf7 {[%emt 0:01:21]} 21. Bb4 {[%emt 0:10:43]} Rc6
{[%emt 0:00:11]} 22. Be1 {[%emt 0:05:51]} Nh5 {[%emt 0:00:12]} 23. Ncb4 {
[%emt 0:01:26]} Rc5 {[%emt 0:01:15]} 24. Bb1 {[%emt 0:04:14]} Bh3 {[%emt 0:02:
11]} 25. Rf2 {[%emt 0:07:38]} Bxa5 {[%emt 0:09:49]} 0-1

[Event "Aberto Brasil - II Niterói Chess Open "]
[Site "Salão de Convenções do Hot"]
[Date "2022.09.02"]
[Round "3.3"]
[White "Guimaraes, Wagner Peixoto"]
[Black "Mekhitarian, Krikor Sevag"]
[Result "0-1"]
[WhiteElo "2188"]
[BlackElo "2535"]
[PlyCount "76"]
[EventDate "2022.09.01"]
[EventRounds "9"]
[EventCountry "BRA"]

1. e4 {[%emt 0:00:03]} c5 {[%emt 0:10:10]} 2. c3 {[%emt 0:00:07]} Nf6 {[%emt 0:
02:26]} 3. e5 {[%emt 0:00:08]} Nd5 {[%emt 0:00:03]} 4. Bc4 {[%emt 0:01:34]} Nb6
{[%emt 0:08:46]} 5. Bb3 {[%emt 0:00:09]} c4 {[%emt 0:00:03]} 6. Bc2 {[%emt 0:
00:06]} Nc6 {[%emt 0:00:03]} 7. Nf3 {[%emt 0:00:35]} d5 {[%emt 0:00:03]} 8.
exd6 {[%emt 0:01:08]} e5 {[%emt 0:00:33]} 9. O-O {[%emt 0:03:10]} Bxd6 {
[%emt 0:02:04]} 10. d3 {[%emt 0:07:03]} cxd3 {[%emt 0:08:32]} 11. Qxd3 {
[%emt 0:00:23]} Bc7 {[%emt 0:00:34]} 12. Qxd8+ {[%emt 0:05:42]} Bxd8 {[%emt 0:
01:42]} 13. Re1 {[%emt 0:02:14]} f6 {[%emt 0:02:05]} 14. a4 {[%emt 0:04:53]} a6
{[%emt 0:10:56]} 15. Nbd2 {[%emt 0:10:42]} Be7 {[%emt 0:03:48]} 16. a5 {
[%emt 0:07:56]} Nd5 {[%emt 0:00:37]} 17. Be4 {[%emt 0:02:58]} Be6 {[%emt 0:04:
28]} 18. Nc4 {[%emt 0:01:11]} O-O-O {[%emt 0:18:40]} 19. Ne3 {[%emt 0:05:13]}
g6 {[%emt 0:08:13]} 20. g3 {[%emt 0:11:56]} Rhe8 {[%emt 0:03:44]} 21. Nd2 {
[%emt 0:06:04]} Nxe3 {[%emt 0:04:11]} 22. Rxe3 {[%emt 0:00:38]} Rd7 {[%emt 0:
05:22]} 23. Re1 {[%emt 0:06:52]} Red8 {[%emt 0:00:09]} 24. Bxc6 {[%emt 0:02:00]
} bxc6 {[%emt 0:00:07]} 25. Nf1 {[%emt 0:00:24]} c5 {[%emt 0:02:11]} 26. Be3 {
[%emt 0:01:30]} Rd3 {[%emt 0:00:20]} 27. b4 {[%emt 0:04:14]} c4 {[%emt 0:02:25]
} 28. Rec1 {[%emt 0:02:40]} Kb7 {[%emt 0:00:32]} 29. Bc5 {[%emt 0:01:03]} Bxc5
{[%emt 0:00:20]} 30. bxc5 {[%emt 0:00:02]} Bd7 {[%emt 0:00:21]} 31. Ne3 {
[%emt 0:02:34]} Bb5 {[%emt 0:00:02]} 32. c6+ {[%emt 0:02:14]} Kxc6 {[%emt 0:00:
20]} 33. Nc2 {[%emt 0:00:08]} Kc5 {[%emt 0:00:38]} 34. Nb4 {[%emt 0:00:22]} Rf3
{[%emt 0:02:27]} 35. Kg2 {[%emt 0:01:32]} e4 {[%emt 0:00:10]} 36. Ra2 {[%emt 0:
00:37]} f5 {[%emt 0:00:28]} 37. Re2 {[%emt 0:01:10]} Rd6 {[%emt 0:00:30]} 38.
h4 {[%emt 0:01:09]} Ba4 {[%emt 0:00:22]} 0-1

[Event "Aberto Brasil - II Niterói Chess Open "]
[Site "Salão de Convenções do Hot"]
[Date "2022.09.02"]
[Round "3.4"]
[White "Quintiliano Pinto, Renato R."]
[Black "Rangel, Daniel"]
[Result "1/2-1/2"]
[WhiteElo "2504"]
[BlackElo "2189"]
[PlyCount "81"]
[EventDate "2022.09.01"]
[EventRounds "9"]
[EventCountry "BRA"]

1. d4 {[%emt 0:00:02]} Nf6 {[%emt 0:01:23]} 2. c4 {[%emt 0:00:11]} g6 {[%emt 0:
00:13]} 3. Nc3 {[%emt 0:01:14]} Bg7 {[%emt 0:00:08]} 4. e4 {[%emt 0:00:14]} d6
{[%emt 0:00:06]} 5. Nf3 {[%emt 0:00:11]} O-O {[%emt 0:00:08]} 6. Be2 {[%emt 0:
00:08]} e5 {[%emt 0:00:08]} 7. O-O {[%emt 0:00:42]} Bg4 {[%emt 0:01:15]} 8. d5
{[%emt 0:05:45]} a5 {[%emt 0:03:48]} 9. Be3 {[%emt 0:05:52]} Na6 {[%emt 0:01:
48]} 10. Nd2 {[%emt 0:02:29]} Bd7 {[%emt 0:03:20]} 11. a3 {[%emt 0:03:41]} h5 {
[%emt 0:02:49]} 12. f3 {[%emt 0:12:25]} Nh7 {[%emt 0:01:46]} 13. Rb1 {[%emt 0:
00:21]} Bf6 {[%emt 0:02:50]} 14. b4 {[%emt 0:05:44]} Bg5 {[%emt 0:01:26]} 15.
Bf2 {[%emt 0:00:37]} axb4 {[%emt 0:01:13]} 16. axb4 {[%emt 0:00:07]} b6 {
[%emt 0:08:30]} 17. Bd3 {[%emt 0:07:25]} Bf4 {[%emt 0:11:56]} 18. Ne2 {[%emt 0:
05:03]} Bh6 {[%emt 0:02:38]} 19. Re1 {[%emt 0:06:36]} h4 {[%emt 0:11:32]} 20.
Kh1 {[%emt 0:07:21]} h3 {[%emt 0:08:50]} 21. g3 {[%emt 0:01:01]} Qf6 {[%emt 0:
05:21]} 22. Ng1 {[%emt 0:01:14]} Bg4 {[%emt 0:06:53]} 23. Be3 {[%emt 0:03:12]}
Bxe3 {[%emt 0:00:35]} 24. Rxe3 {[%emt 0:00:05]} Bd7 {[%emt 0:00:23]} 25. Bf1 {
[%emt 0:01:12]} Ng5 {[%emt 0:05:31]} 26. Ra3 {[%emt 0:04:11]} c5 {[%emt 0:01:
41]} 27. dxc6 {[%emt 0:05:04]} Bxc6 {[%emt 0:00:21]} 28. Nxh3 {[%emt 0:00:36]}
Nc7 {[%emt 0:28:54]} 29. Rd3 Rfd8 30. Nxg5 Qxg5 31. Nb3 Kg7 32. Rb2 {[%emt 0:
02:43]} Ba4 {[%emt 0:01:37]} 33. Qd2 {[%emt 0:02:01]} Qf6 {[%emt 0:01:10]} 34.
Nc1 {[%emt 0:00:56]} b5 {[%emt 0:00:36]} 35. Re3 {[%emt 0:00:30]} Qe6 {[%emt 0:
01:10]} 36. Qc3 {[%emt 0:00:56]} Rac8 {[%emt 0:00:37]} 37. Rd2 {[%emt 0:02:46]}
bxc4 {[%emt 0:01:09]} 38. Qxc4 {[%emt 0:01:25]} Qxc4 {[%emt 0:00:47]} 39. Bxc4
{[%emt 0:00:08]} Na8 {[%emt 0:00:08]} 40. Rc3 {[%emt 0:00:24]} Nb6 {[%emt 0:00:
06]} 41. Ra2 {[%emt 0:01:48]} 1/2-1/2

[Event "Aberto Brasil - II Niterói Chess Open "]
[Site "Salão de Convenções do Hot"]
[Date "2022.09.02"]
[Round "3.5"]
[White "Santiago, Yago De Moura"]
[Black "Sega, Carlos Alberto"]
[Result "1-0"]
[WhiteElo "2490"]
[BlackElo "2184"]
[PlyCount "95"]
[EventDate "2022.09.01"]
[EventRounds "9"]
[EventCountry "BRA"]

1. d4 {[%emt 0:03:33]} Nf6 {[%emt 0:00:37]} 2. c4 {[%emt 0:00:12]} e6 {[%emt 0:
00:11]} 3. Nc3 {[%emt 0:00:29]} Bb4 {[%emt 0:00:16]} 4. e3 {[%emt 0:00:08]} O-O
{[%emt 0:00:21]} 5. Bd3 {[%emt 0:01:00]} d5 {[%emt 0:00:33]} 6. Nge2 {[%emt 0:
00:39]} dxc4 {[%emt 0:01:45]} 7. Bxc4 {[%emt 0:00:09]} e5 {[%emt 0:01:05]} 8.
a3 {[%emt 0:01:35]} Bd6 {[%emt 0:00:52]} 9. Nb5 {[%emt 0:01:45]} Nc6 {[%emt 0:
03:33]} 10. Nxd6 {[%emt 0:01:03]} Qxd6 {[%emt 0:00:55]} 11. O-O {[%emt 0:16:05]
} exd4 {[%emt 0:09:31]} 12. exd4 {[%emt 0:01:32]} Nd5 {[%emt 0:00:47]} 13. Be3
{[%emt 0:06:13]} Be6 {[%emt 0:03:45]} 14. Bd3 {[%emt 0:01:27]} Rad8 {[%emt 0:
03:31]} 15. Qc2 {[%emt 0:04:31]} h6 {[%emt 0:05:55]} 16. b4 {[%emt 0:08:57]} f5
{[%emt 0:18:14]} 17. b5 {[%emt 0:03:20]} Nce7 {[%emt 0:01:37]} 18. Bd2 {
[%emt 0:02:52]} Rd7 {[%emt 0:08:51]} 19. Rfe1 {[%emt 0:06:05]} Kh8 {[%emt 0:03:
04]} 20. g3 {[%emt 0:01:38]} g5 {[%emt 0:07:39]} 21. Bc4 {[%emt 0:04:10]} c6 {
[%emt 0:03:43]} 22. bxc6 {[%emt 0:03:08]} Qxc6 {[%emt 0:03:36]} 23. Rac1 {
[%emt 0:06:58]} b5 {[%emt 0:13:49]} 24. Ba2 {[%emt 0:00:20]} Qxc2 {[%emt 0:00:
11]} 25. Rxc2 {[%emt 0:00:03]} Rf6 {[%emt 0:01:09]} 26. Nc1 {[%emt 0:00:12]}
Rc7 {[%emt 0:02:18]} 27. Rb2 {[%emt 0:01:00]} a6 {[%emt 0:01:47]} 28. Nd3 {
[%emt 0:00:29]} Bg8 {[%emt 0:00:59]} 29. Ba5 {[%emt 0:01:27]} Rc8 {[%emt 0:00:
49]} 30. Ne5 {[%emt 0:03:39]} Kg7 {[%emt 0:01:10]} 31. h4 {[%emt 0:04:38]} f4 {
[%emt 0:01:36]} 32. a4 {[%emt 0:00:29]} fxg3 {[%emt 0:00:14]} 33. fxg3 {
[%emt 0:00:01]} b4 {[%emt 0:00:53]} 34. Nd7 {[%emt 0:02:35]} Rf3 {[%emt 0:00:
23]} 35. Bxb4 {[%emt 0:00:09]} Nf5 {[%emt 0:00:16]} 36. Bxd5 {[%emt 0:04:30]}
Bxd5 {[%emt 0:00:08]} 37. Nb6 {[%emt 0:00:03]} Rd8 {[%emt 0:00:56]} 38. Be7 {
[%emt 0:00:36]} Nxe7 {[%emt 0:00:52]} 39. Rxe7+ {[%emt 0:00:04]} Kf6 {[%emt 0:
00:07]} 40. Re5 {[%emt 0:01:18]} Bf7 {[%emt 0:01:10]} 41. Rf2 {[%emt 0:05:48]}
Rxf2 {[%emt 0:00:06]} 42. hxg5+ {[%emt 0:00:03]} hxg5 {[%emt 0:00:07]} 43. Kxf2
{[%emt 0:00:03]} Rxd4 {[%emt 0:00:09]} 44. Ra5 {[%emt 0:00:03]} Bc4 {[%emt 0:
02:10]} 45. Ke3 {[%emt 0:01:20]} Rg4 {[%emt 0:00:05]} 46. Nd7+ {[%emt 0:01:08]}
Ke6 {[%emt 0:00:49]} 47. Nc5+ {[%emt 0:00:16]} Ke5 {[%emt 0:00:52]} 48. Ne4+ {
[%emt 0:00:07] Kd5} 1-0